00342 a2200121 450000100060000004000220000624000270002824500250005565000130008094200070009395201030010099900170020351232 cAnchieta - Pituba10aCoral Anchieta 2014l10aCoral Anchieta 2014 4aMúsica cMX 00104070a91.1b91.1d2023-11-21l0o780 C695 CORp604/PITr2023-11-21 18:19:34w2023-11-21yMX c51232d51232